Über die Wirkung kleiner (erythem unterschwelliger) Röntgenstrahlenmengen auf die Magensaftsekretion des Menschen (Ein Beitrag zur Frage der biologischen Allgenieinwirkung der Röntgenstrahlen) /
Elmentve itt :
| Szerzők: | |
|---|---|
| Dokumentumtípus: | Könyv része |
| Megjelent: |
1937
|
| Sorozat: | Közlemények a szegedi kir. magy. Ferencz József-Tudományegyetem belgyógyászati klinikájáról
Közlemények a szegedi kir. magy. Ferencz József-Tudományegyetem belgyógyászati klinikájáról 1936-1937 |
| Kulcsszavak: | Röntgensugár, Röntgendiagnosztika, Gyomorszekréció, Gyomornedv, Belgyógyászat |
| Tárgyszavak: | |
| Online Access: | http://acta.bibl.u-szeged.hu/54192 |
| LEADER | 01114naa a2200217 i 4500 | ||
|---|---|---|---|
| 001 | acta54192 | ||
| 005 | 20220107084818.0 | ||
| 008 | 180626s1937 hu o 0|| ger d | ||
| 040 | |a SZTE Egyetemi Kiadványok Repozitórium |b hun | ||
| 041 | |a ger | ||
| 100 | 1 | |a Forfota Erich | |
| 245 | 1 | 0 | |a Über die Wirkung kleiner (erythem unterschwelliger) Röntgenstrahlenmengen auf die Magensaftsekretion des Menschen |h [elektronikus dokumentum] : |b (Ein Beitrag zur Frage der biologischen Allgenieinwirkung der Röntgenstrahlen) / |c Forfota Erich |
| 260 | |c 1937 | ||
| 300 | |a 489-493 | ||
| 490 | 0 | |a Közlemények a szegedi kir. magy. Ferencz József-Tudományegyetem belgyógyászati klinikájáról | |
| 490 | 0 | |a Közlemények a szegedi kir. magy. Ferencz József-Tudományegyetem belgyógyászati klinikájáról 1936-1937 | |
| 650 | 4 | |a Orvos- és egészségtudomány | |
| 650 | 4 | |a Klinikai orvostan | |
| 695 | |a Röntgensugár, Röntgendiagnosztika, Gyomorszekréció, Gyomornedv, Belgyógyászat | ||
| 700 | 0 | 1 | |a Karády István |e aut |
| 856 | 4 | 0 | |u http://acta.bibl.u-szeged.hu/54192/1/kozl_belgy_36_37_489-493.pdf |z Dokumentum-elérés |